000 00784nam a2200253Ia 4500
003 OSt
005 20221005082001.0
006 a|||||r|||| 00| 0
007 ta
008 221004b |||||||| |||| 00| 0 urd d
020 _a8126015926 (pbk)
_c25
024 _a25828
037 _b5734/11, 20/03/2010, Modern Publishing House
_cTextual
040 _aCRL
_cCRL
_burd
041 _2urd
_aurd
082 _aO168,1N11:g, P3
100 _aHasan Manzoor
_9611457
245 0 _aKanhaiyalal Kapoor
_b A monograph in urdu
260 _aNew Delhi
_bSahitya Academy India
_c2003
300 _a122p.
_ccm.
650 _aURDU POETRY
942 _hO168,1N11:g, P3
_cTEXL
_2cc
999 _c988550
_d988550